000 00784cam a22002532 4500
001 10737
003 BD RJUL
005 20211208235016.0
008 250114m1965 9999nyua b 000 0 eng
035 _aBD RJUL
040 _aDLC
_cDLC
_dUKM
_dBD RJUL
_beng
041 _aeng
082 0 0 _a620.197
_bTES 1965
100 1 _aSchmitz, John V.
_q(John Vincent),
_d1922-
_933214
245 1 0 _aTesting of polymers /
_cEdited by John V. Schmitz.
_pvOlume I
260 _aNew York :
_bInterscience Publishers,
_c1965.
300 _a1v.xiv,479 p.:
_billus.;
_c24 cm.
500 _aVol. 3- ed. by John V. Schmitz and William E. Brown.
504 _aIncludes bibliographies.
650 0 _aPolymers
_xTesting.
_933215
942 _2ddc
_cBK
999 _c10737
_d10737